The death of Sigmund Freud : (Record no. 140)

000 -LEADER
fixed length control field 01633cam a2200385 a 4500
001 - CONTROL NUMBER
control field 14735260
003 - CONTROL NUMBER IDENTIFIER
control field OSt
005 - DATE AND TIME OF LATEST TRANSACTION
control field 20210417101437.0
008 - FIXED-LENGTH DATA ELEMENTS--GENERAL INFORMATION
fixed length control field 070215s2007 nyu b 001 0beng
010 ## - LIBRARY OF CONGRESS CONTROL NUMBER
LC control number 2007006634
020 ## - INTERNATIONAL STANDARD BOOK NUMBER
International Standard Book Number 9781582345376 (alk. paper)
020 ## - INTERNATIONAL STANDARD BOOK NUMBER
International Standard Book Number 1582345376 (alk. paper)
035 ## - SYSTEM CONTROL NUMBER
System control number (OCoLC)84838586
035 ## - SYSTEM CONTROL NUMBER
System control number (OCoLC)ocm84838586
040 ## - CATALOGING SOURCE
Original cataloging agency DLC
Transcribing agency DLC
Modifying agency BAKER
-- BTCTA
-- C#P
-- YDXCP
-- VP@
-- TBS
-- DLC
043 ## - GEOGRAPHIC AREA CODE
Geographic area code e-au---
050 00 - LIBRARY OF CONGRESS CALL NUMBER
Classification number BF109.F74
Item number E36 2007
080 ## - UNIVERSAL DECIMAL CLASSIFICATION NUMBER
Universal Decimal Classification number 92
Item number E-24
082 00 - DEWEY DECIMAL CLASSIFICATION NUMBER
Classification number 150.19/52092
-- B
Edition number 22
100 1# - MAIN ENTRY--PERSONAL NAME
Personal name Edmundson, Mark,
Dates associated with a name 1952-
245 14 - TITLE STATEMENT
Title The death of Sigmund Freud :
Remainder of title the legacy of his last days /
Statement of responsibility, etc. Mark Edmundson.
250 ## - EDITION STATEMENT
Edition statement 1st U.S. ed.
260 ## - PUBLICATION, DISTRIBUTION, ETC.
Place of publication, distribution, etc. New York :
Name of publisher, distributor, etc. Bloomsbury :
-- Distributed to the trade by Holtzbrinck Publishers,
Date of publication, distribution, etc. 2007.
300 ## - PHYSICAL DESCRIPTION
Extent 276 p. ;
Dimensions 22 cm.
504 ## - BIBLIOGRAPHY, ETC. NOTE
Bibliography, etc. note Includes bibliographical references (p. 257-263) and index.
600 10 - SUBJECT ADDED ENTRY--PERSONAL NAME
Personal name Freud, Sigmund,
Dates associated with a name 1856-1939.
650 #0 - SUBJECT ADDED ENTRY--TOPICAL TERM
Topical term or geographic name entry element Psychoanalysts
Geographic subdivision Austria
Form subdivision Biography.
653 ## - INDEX TERM--UNCONTROLLED
Uncontrolled term ფსქილოგია, ფისქოანალიზი, ბიოგრაფია
856 42 - ELECTRONIC LOCATION AND ACCESS
Materials specified Publisher description
Uniform Resource Identifier <a href="http://www.loc.gov/catdir/enhancements/fy0711/2007006634-d.html">http://www.loc.gov/catdir/enhancements/fy0711/2007006634-d.html</a>
856 42 - ELECTRONIC LOCATION AND ACCESS
Materials specified Contributor biographical information
Uniform Resource Identifier <a href="http://www.loc.gov/catdir/enhancements/fy0711/2007006634-b.html">http://www.loc.gov/catdir/enhancements/fy0711/2007006634-b.html</a>
856 42 - ELECTRONIC LOCATION AND ACCESS
Materials specified Book review (H-Net)
Uniform Resource Identifier <a href="http://www.h-net.org/reviews/showrev.php?id=30624">http://www.h-net.org/reviews/showrev.php?id=30624</a>
906 ## - LOCAL DATA ELEMENT F, LDF (RLIN)
a 7
b cbc
c orignew
d 1
e ecip
f 20
g y-gencatlg
942 ## - ADDED ENTRY ELEMENTS (KOHA)
Source of classification or shelving scheme
Koha item type Books
Holdings
Withdrawn status Lost status Source of classification or shelving scheme Damaged status Not for loan Permanent location Current location Date acquired Inventory number Full call number Barcode Date last seen Price effective from Koha item type
          Ken Walker International University Ken Walker International University 11/11/2020 315 94 E-24 315 11/11/2020 11/11/2020 Books

Powered by Koha